Normal view
MARC view
Entry Personal Name
001 - CONTROL NUMBER
- control field: 23013
003 - CONTROL NUMBER IDENTIFIER
- control field: ARRUPE
005 - DATE AND TIME OF LATEST TRANSACTION
- control field: 20160321110421.0
008 - FIXED-LENGTH DATA ELEMENTS
- fixed length control field: 160321|| aca||aabn | a|a d
040 ## - CATALOGING SOURCE
- Original cataloging agency: ARRUPE
- Transcribing agency: ARRUPE
100 ## - HEADING--PERSONAL NAME
- Personal name: Chigwedere, A. S.
- Fuller form of name: (Aeneas S.)
670 ## - SOURCE DATA FOUND
- Source citation: Work cat.: (ARRUPE)0: Chigwedere, A. S. (Aeneas S.), The roots of the Bantu /, Jongwe Print. and Pub. Co.